Statistics for U.S. States by Comparable Country--Population

Click here to take the quiz!

General Stats

  • This quiz has been taken 86 times
  • The average score is 23 of 50

Answer Stats

State Country Population % Correct
TexasY{emen}27,469,114
94%
CaliforniaP{oland}39,144,818
74%
New YorkN{iger}19,795,791
67%
ArizonaL{aos}6,828,065
64%
GeorgiaP{ortugal}10,214,860
62%
MississippiA{lbania}2,992,333
59%
KansasA{lbania}2,911,641
59%
NevadaA{lbania}2,890,845
59%
IllinoisG{uinea}12,859,995
59%
ArkansasA{lbania}2,978,204
59%
ConnecticutU{ruguay}3,590,886
58%
LouisianaO{man}4,670,724
58%
ColoradoT{urkmenistan}5,456,574
56%
VirginiaS{witzerland}8,382,993
56%
MinnesotaT{urkmenistan}5,489,594
56%
IdahoG{abon}1,654,930
53%
OklahomaG{eorgia}3,911,338
52%
MaineE{stonia}1,329,328
50%
MichiganA{zerbaijan}9,922,576
50%
North CarolinaA{zerbaijan}10,042,802
50%
IowaA{rmenia}3,123,899
50%
WisconsinS{ingapore}5,771,337
50%
New JerseyS{erbia}8,958,013
48%
MarylandK{yrgyzstan}6,006,401
48%
AlaskaG{uyana}738,432
47%
MassachusettsP{araguay}6,794,422
47%
North DakotaG{uyana}756,927
47%
South DakotaE{quatorial Guinea}858,469
45%
VermontM{ontenegro}626,042
44%
DelawareD{jibouti}945,934
44%
WashingtonB{ulgaria}7,170,351
41%
PennsylvaniaS{outh Sudan}12,802,503
39%
New HampshireT{rinidad and Tobago}1,330,608
39%
NebraskaG{uinea-Bissau}1,896,190
36%
West VirginiaG{uinea-Bissau}1,844,128
36%
FloridaS{ri Lanka}20,271,272
36%
KentuckyN{ew Zealand}4,425,092
35%
New MexicoM{acedonia}2,085,109
35%
MissouriE{l Salvador}6,083,672
35%
HawaiiB{ahrain}1,431,603
32%
OhioB{urundi}11,613,423
32%
IndianaS{ierra Leone}6,619,680
32%
TennesseeS{ierra Leone}6,600,299
32%
OregonM{oldova}4,028,977
32%
South CarolinaC{osta Rica}4,896,146
30%
AlabamaC{osta Rica}4,858,979
30%
MontanaC{yprus}1,032,949
24%
Rhode IslandC{yprus}1,056,298
24%
UtahM{ongolia}2,995,919
23%
WyomingS{olomon Islands}586,107
21%

Score Distribution

Percentile by Number Answered

Percent of People with Each Score

Your Score History

You have not taken this quiz